[Event "Voronezh op"]
[Site "Voronezh"]
[Date "1998.06.13"]
[Round "2"]
[White "Kravets, I."]
[Black "Chernyshov, Konstantin"]
[Result "1-0"]
[WhiteElo "2330"]
[BlackElo "2485"]

1.e4 c5 2.Nf3 Nc6 3.d4 cxd4 4.Nxd4 Nf6 5.Nc3 d6 6.Bg5 e6 7.Qd2 a6 8.O-O-O h6
9.Be3 Ng4 10.Nxc6 bxc6 11.Bc5 Bb7 12.h3 Qa5 13.Ba3 Nf6 14.Bxd6 O-O-O 15.e5 Bxd6
16.exd6 Nd5 17.Ne4 Qxa2 18.c4 Qa1+ 19.Kc2 Qa4+ 20.Kb1 Nb4 21.Nc3 Qb3 22.c5 a5
23.d7+ Kb8 24.Qd6+ Ka7 25.Qc7 Nd5 26.Rxd5 exd5 27.Bd3 Ka8 28.Bc2 Qb4 29.Na4 g5
30.Rd1 Qf4 31.Qxa5+ Kb8 32.Nb6 Qxf2 33.Rd3 Qxg2 34.Ra3 Qf1+ 35.Ka2 Qf4 36.Qa7+ Kc7
37.Na8+ Rxa8 38.Qb6+ Kxd7 39.Qxb7+ Ke6 40.Qxc6+ Ke5 41.Rxa8 Qc4+ 42.Bb3 Rxa8+
43.Qxa8 Qxc5 44.Qe8+ Kd4 45.Qe1 Kd3 46.Kb1 f5 47.Qf1+ Ke4 48.Bc2+ Kd4 49.Qxf5 Ke3
50.Bb3 Qb6 51.Bxd5 Qb4 52.Qf3+ Kd2 53.Be4 Qd4 54.Qg2+ Ke3 55.Bc2 Qf4 56.Qg1+ Ke2
57.Qg4+ Ke3 58.Qe6+ Kf2 59.Qxh6  1-0

[Event "Voronezh op"]
[Site "Voronezh"]
[Date "1998.06.14"]
[Round "3"]
[White "Kravets, I."]
[Black "Lutsko, Igor"]
[Result "0-1"]
[WhiteElo "2330"]
[BlackElo "2410"]

1.e4 c5 2.Nf3 d6 3.d4 cxd4 4.Nxd4 Nf6 5.Nc3 Nc6 6.Bg5 e6 7.Qd2 a6 8.O-O-O Bd7
9.f4 b5 10.Nf3 b4 11.Bxf6 gxf6 12.Ne2 Qb6 13.Ned4 h5 14.Kb1 Rc8 15.g3 Nxd4
16.Nxd4 a5 17.Bg2 a4 18.Rhe1 Qc5 19.Re3 h4 20.c3 Rb8 21.cxb4 Qxb4 22.Rc3 hxg3
23.hxg3 Rh2 24.Ka1 Be7 25.a3 Qb6 26.Rc4 Kf8 27.Rb4 Qd8 28.Rxb8 Qxb8 29.Rh1 Rxh1+
30.Bxh1 Kg7 31.Bf3 Qb6 32.Bd1 Qc5 33.Ne2 Bc6 34.Nc3 Qc4 35.Qc2 Qd4 36.Nxa4 Bxe4
37.Qb3 d5 38.Nc3 Bg6 39.Bc2 Qg1+ 40.Ka2 Qxg3 41.Bxg6 Kxg6 42.Qc2+ f5 43.Qd2 Bc5
44.Ne2 Qe3 45.Qc2 Bd6 46.Qc6 Bxf4 47.Nxf4+ Qxf4 48.a4 Qb4 49.Qb5 Qxb5 50.axb5 f4
51.b6 f3 52.b7 f2 53.b8=Q f1=Q 54.Qg3+ Kf5  0-1

[Event "Keres mem op"]
[Site "Tallin"]
[Date "1998.06.22"]
[Round "9"]
[White "Sepp, Olav"]
[Black "Tsiganova, Monika"]
[Result "1-0"]
[WhiteElo "2400"]
[BlackElo "2305"]

1.e4 c5 2.Nf3 d6 3.d4 cxd4 4.Nxd4 Nf6 5.Nc3 Nc6 6.Bg5 e6 7.Qd2 Be7 8.O-O-O O-O
9.f4 Nxd4 10.Qxd4 Qa5 11.Bc4 Rd8 12.e5 dxe5 13.Qxe5 Qb4 14.Bb5 h6 15.Rxd8+ Bxd8
16.Rd1 Qf8 17.Bh4 a6 18.Be2 Bd7 19.g4 Bc6 20.g5 hxg5 21.fxg5 Nd7 22.Qf4 Qc5
23.Rf1 Ne5 24.Kb1 Bc7 25.Bf2 Qe7 26.Bg3 Rc8 27.Qh4 b5 28.Qh5 b4 29.Bxe5 Bxe5
30.g6 fxg6 31.Qxe5 bxc3 32.Qxc3 Qb7 33.Qb3 Qxb3 34.axb3 Be4 35.Bc4 Rc6 36.Rd1 Kh7
37.Rd7 a5 38.Kc1 Rc5 39.Rd2 Bf5 40.Re2 Bg4 41.Re4 Bf5 42.Rh4+ Kg8 43.Kd2 Kf7
44.Rd4 Kf6 45.Rd7 g5 46.Ra7 Be4 47.Ra6 Re5 48.c3 g4 49.b4 axb4 50.cxb4 Bd5
51.b3 Rh5 52.Bxd5 Rxd5+ 53.Kc3 Rh5 54.Ra2 Rh3+ 55.Kc4 Ke5 56.Rd2 Rh8 57.b5 Kf4
58.b6 e5 59.b7 e4 60.Rd7 e3 61.Kd3 e2 62.Kd2 Kf3 63.Rf7+ Kg2 64.Rxg7 Kf2
65.Rf7+ Kg2 66.Ke1 Rb8 67.Rh7 Kf3 68.b4 Ke3 69.b5 Kd3  1-0

[Event "NLD-ch"]
[Site "Rotterdam"]
[Date "1998.06.23"]
[Round "3"]
[White "Nijboer, Friso"]
[Black "Sosonko, Gennadi"]
[Result "1/2-1/2"]
[WhiteElo "2580"]
[BlackElo "2520"]

1.e4 c5 2.Nf3 d6 3.d4 cxd4 4.Nxd4 Nf6 5.Nc3 Nc6 6.Bg5 e6 7.Qd2 Be7 8.O-O-O O-O
9.f4 h6 10.Bh4 e5 11.Nf5 Bxf5 12.exf5 Qa5 13.g4 exf4 14.g5 hxg5 15.Bxg5 Qxf5
16.h4 Qa5 17.Rg1 Kh8 18.Qxf4 Qe5 19.Qf3 d5 20.Bd3 d4 21.Ne4 Nb4 22.Rde1 Qd5
23.Bxf6 Bxf6 24.Rg5 Nxd3+ 25.Qxd3 Bxg5+ 26.hxg5 Kg8 27.Rh1 Rfe8 28.Qh3 Kf8
29.Qa3+ Kg8 30.Qh3 Kf8 31.Qa3+  1/2-1/2

[Event "NLD-ch"]
[Site "Rotterdam"]
[Date "1998.06.26"]
[Round "5"]
[White "Van der Weide, Karel"]
[Black "Sosonko, Gennadi"]
[Result "0-1"]
[WhiteElo "2450"]
[BlackElo "2520"]

1.e4 c5 2.Nf3 d6 3.d4 cxd4 4.Nxd4 Nf6 5.Nc3 Nc6 6.Bg5 e6 7.Qd2 Be7 8.O-O-O Nxd4
9.Qxd4 O-O 10.f3 Bd7 11.h4 Bc6 12.Kb1 Qa5 13.Qd2 Qc7 14.Bd3 Rfd8 15.h5 d5
16.e5 Ne4 17.fxe4 dxe4 18.h6 g6 19.Qf4 exd3 20.cxd3 f5 21.Rhg1 Bxg5 22.Qxg5 Rd4
23.g4 Rf8 24.Qe3 Rxg4 25.Rxg4 fxg4 26.Rg1 Rf5 27.d4 Qf7 28.a4 Rf3 29.Qe2 g3
30.d5 exd5 31.e6 Qf5+ 32.Ka2 d4 33.Rd1 d3 34.Qe1 g2 35.e7 Be8 36.Qg1 Qf7+
37.Ka1 Qxe7 38.Qxg2 Bc6 39.Qg4 Qd7 40.Qc4+ Qf7 41.Qd4 a6 42.Rxd3 Rf1+ 43.Rd1 Rxd1+
44.Qxd1 Qf6 45.Nd5 Qh4 46.b3 Kf7 47.Qf1+ Ke6 48.Nf4+ Ke5 49.Nd3+ Kd4 50.Nb4 Kc3
51.Nxc6 bxc6 52.Qf3+ Kb4 53.Kb2 Qd4+ 54.Kc2 Qc5+ 55.Kb2 Qe5+ 56.Ka2 Qh2+
57.Kb1 Qd2 58.a5 c5 59.Qe4+ Kxb3 60.Qf3+ Qc3 61.Qf7+ c4 62.Qb7+ Ka3 63.Qg7 Qb3+
64.Kc1 c3 65.Qe7+ Ka2 66.Qxh7 Qb1+  0-1

[Event "NLD-ch"]
[Site "Rotterdam"]
[Date "1998.06.28"]
[Round "7"]
[White "Van der Weide, Karel"]
[Black "Van der Wiel, John TH"]
[Result "1/2-1/2"]
[WhiteElo "2450"]
[BlackElo "2525"]

1.e4 c5 2.Nf3 Nc6 3.d4 cxd4 4.Nxd4 Nf6 5.Nc3 d6 6.Bg5 e6 7.Qd2 a6 8.O-O-O Bd7
9.f4 h6 10.Bh4 g5 11.fxg5 Ng4 12.Nxc6 Bxc6 13.Be2 Ne5 14.g3 Ng6 15.Rhf1 Be7
16.gxh6 Nxh4 17.gxh4 Bf8 18.Qd4 Rxh6 19.h5 Qg5+ 20.Kb1 Qe5 21.Qb6 Rc8 22.Bg4 Qc5
23.Qxc5 dxc5 24.Nd5 Bg7 25.a4 b5 26.Rd2 Bd4 27.Rg2 Kf8 28.c3 Be5 29.Rgf2 Be8
30.Nf6 Rc7 31.a5 Bc6 32.Bxe6 Rxf6 33.Rxf6 Bxf6 34.Rxf6 Kg7 35.e5 fxe6 36.Rxe6 b4
37.c4 Ba4 38.Rxa6 Rf7 39.b3 Rf1+ 40.Kc2 Rf2+ 41.Kd3 Bxb3 42.Rb6 Ra2 43.a6 Ra3
44.h6+ Kh7 45.e6 Ba2+ 46.Ke4 Bxc4 47.e7 Bf7 48.Rf6 Be8 49.Kd5 b3 50.Rb6 Ra5
51.Rxb3 Bf7+ 52.Kd6 Rxa6+ 53.Kxc5 Rxh6 54.Rf3 Kg7 55.Rg3+ Kf6 56.Kd6 Be8
57.Rf3+ Kg7+ 58.Kc7 Ra6 59.Rf8 Ra7+ 60.Kd6 Ra6+  1/2-1/2

[Event "RUS-Cup06"]
[Site "Nizhnij Novgorod"]
[Date "1998.07.01"]
[Round "3"]
[White "Dvoirys, Semen I"]
[Black "Kovalevskaya, Ekaterina"]
[Result "1-0"]
[WhiteElo "2585"]
[BlackElo "2390"]

1.e4 c5 2.Nf3 d6 3.d4 cxd4 4.Nxd4 Nf6 5.Nc3 Nc6 6.Bg5 a6 7.Qd2 Nxd4 8.Qxd4 Qa5
9.f4 e5 10.Qd2 Be7 11.f5 b5 12.Bxf6 Bxf6 13.Qd5 Ra7 14.Qc6+ Ke7 15.O-O-O Rd8
16.h4 Bb7 17.Nd5+ Kf8 18.Qc3 Qxc3 19.Nxc3 Rd7 20.g3 Bd8 21.Nd5 Bxd5 22.Rxd5 f6
23.Rh2 Bb6 24.c3 Ke7 25.Kc2 Rdc7 26.Rhd2 Rc6 27.Kb3 Rb7 28.a3 Be3 29.R2d3 Bf2
30.Ka2 Bb6 31.b4 Rbc7 32.Kb2 Ba7 33.Rf3 Rc8 34.Rd2 Rd8 35.Kb3 Rdc8 36.g4 Rd8
37.Rg3 Rd7 38.g5 Rd8 39.a4 bxa4+ 40.Kxa4 Rdc8 41.Kb3 a5 42.b5 Rb6 43.Ka4 Bb8
44.Kxa5 Bc7 45.Kb4 Rb7 46.Bc4 Ra7 47.Kb3 Rb8 48.gxf6+ Kxf6 49.h5 Rd8 50.h6 Bb6
51.Rh2 g5 52.fxg6 hxg6 53.Rhg2  1-0

[Event "RUS-Cup06"]
[Site "Nizhnij Novgorod"]
[Date "1998.07.02"]
[Round "4"]
[White "Virovlansky, Semen"]
[Black "Sorokin, Maxim"]
[Result "1/2-1/2"]
[WhiteElo "2345"]
[BlackElo "2575"]

1.e4 c5 2.Nf3 d6 3.d4 cxd4 4.Nxd4 Nf6 5.Nc3 Nc6 6.Bg5 e6 7.Qd2 a6 8.O-O-O Bd7
9.Nb3 b5 10.Bd3 Be7 11.f4 h6 12.Bh4 g5 13.fxg5 Ng4 14.Kb1 hxg5 15.Bg3 Qb6
16.h3 Nge5 17.Rhf1 Rc8 18.Bf2 Qb7 19.Bg1  1/2-1/2

[Event "Politiken Cup"]
[Site "Copenhagen"]
[Date "1998.07.14"]
[Round "10"]
[White "Furhoff, Johan"]
[Black "Thorhallsson, Throstur"]
[Result "1/2-1/2"]
[WhiteElo "2320"]
[BlackElo "2480"]

1.e4 c5 2.Nf3 Nc6 3.d4 cxd4 4.Nxd4 Nf6 5.Nc3 d6 6.Bg5 Bd7 7.Be2 Qa5 8.Bxf6 gxf6
9.Nb3 Qg5 10.Nd5 Rc8 11.O-O f5 12.exf5 Bxf5 13.f4 Qg6 14.c3 Rg8 15.Bf3 e6
16.Re1 Bh6 17.Qd2 Ne5 18.Bh5 Qxh5 19.Rxe5 Rg6 20.Ree1 Kf8 21.Nb4 d5 22.Qf2 Be4
23.g3 Rf6 24.Nc5 Rd8 25.Nxe4 dxe4 26.Rxe4 a5 27.Nc2 Rf5 28.Rae1 Bg7 29.Ne3 Rc5
30.g4 Qh3 31.f5 Kg8 32.Ng2  1/2-1/2

[Event "RUS-Cup07"]
[Site "Tomsk"]
[Date "1998.07.21"]
[Round "7"]
[White "Shchekachev, Andrei"]
[Black "Lopushnoy, Denis"]
[Result "1-0"]
[WhiteElo "2565"]
[BlackElo "2390"]

1.e4 c5 2.Nf3 Nc6 3.d4 cxd4 4.Nxd4 Nf6 5.Nc3 d6 6.Bg5 e6 7.Qd2 a6 8.O-O-O h6
9.Nxc6 bxc6 10.Bf4 d5 11.Qe3 Be7 12.Be2 O-O 13.h4 Ne8 14.Kb1 Nd6 15.Bd3 Re8
16.Qg3 Kh8 17.Be5 Bf8 18.Rhe1 a5 19.exd5 cxd5 20.Nxd5  1-0

[Event "Saitek US Masters"]
[Site "Hawaii"]
[Date "1998.07.23"]
[Round "3"]
[White "Strenzwilk, Denis"]
[Black "Saidy, Anthony Fred"]
[Result "0-1"]
[WhiteElo "2195"]
[BlackElo "2380"]

1.e4 c5 2.Nf3 Nc6 3.d4 cxd4 4.Nxd4 Nf6 5.Nc3 d6 6.Bg5 e6 7.Qd3 a6 8.O-O-O h6
9.Bh4 Bd7 10.f4 g5 11.fxg5 Ng4 12.Nf3 Nge5 13.Qd2 Be7 14.Kb1 hxg5 15.Bg3 b5
16.Ne2 Nc4 17.Qc1 Rc8 18.Ned4 g4 19.Bxc4 gxf3 20.Bf1 Bg5 21.Nxc6 Qf6 22.e5 Qh6
23.Nd4 Bxc1 24.Rxc1 fxg2 25.Bxg2 Qd2 26.Bb7 Qxd4 27.Bxc8 Bxc8 28.exd6 Kd7
29.Rhf1 f5 30.Rcd1 Qb6 31.Be5 Rg8 32.Bg3 Bb7 33.Rf4 Bd5 34.Rh4 Rxg3 35.hxg3 Kxd6
36.Rhd4 Ke7 37.R4d2 Qc7 38.Rg1 Qa5  0-1

[Event "Saitek US Masters"]
[Site "Hawaii"]
[Date "1998.07.28"]
[Round "8"]
[White "Eisen, Lewis"]
[Black "Ballo, Emanuel"]
[Result "0-1"]
[WhiteElo "2325"]
[BlackElo "2200"]

1.e4 c5 2.Nf3 Nc6 3.d4 cxd4 4.Nxd4 Nf6 5.Nc3 d6 6.Bg5 e6 7.Qd2 a6 8.O-O-O h6
9.Be3 Be7 10.f4 Nxd4 11.Qxd4 Qa5 12.Qb6 Qxb6 13.Bxb6 Bd7 14.Be2 Bc6 15.Bf3 Rc8
16.Rd3 Nd7 17.Be3 O-O 18.Rhd1 b5 19.b4 Rc7 20.Kb2 Rfc8 21.Kb3 Bb7 22.R1d2 Rc4
23.a3 g5 24.e5 Bxf3 25.gxf3 gxf4 26.exd6 Bf6 27.Rg2+ Kh8 28.Bd2 Ne5 29.Ne4 Nxd3
30.d7 Rd8 31.Nxf6 Ne5 32.Bc1 Nxf3 33.Bb2 Nd4+ 34.Ka2 Rxc2 35.Rg8+ Rxg8 36.Nxg8 Rxb2+
37.Kxb2 Nc6 38.Nxh6 f5 39.Nf7+ Kg7 40.Ne5 Nd8 41.Kc3 Kf6 42.Kd4 Ke7 43.Kc5 f3
44.Nxf3 Kxd7 45.h4 Nf7 46.h5 Ke7 47.Kb6 e5 48.Kxa6 e4 49.Nd4 Nd6 50.Ne2 Kf6
51.h6 Ke5 52.h7 Nf7 53.Kxb5 f4 54.Ng1 f3 55.Nh3 Kd5 56.a4 Nh8 57.a5 e3 58.a6 f2
59.Nf4+ Kd6 60.a7 f1=Q+  0-1

[Event "RUS-ch51"]
[Site "St Petersburg"]
[Date "1998.07.31"]
[Round "4"]
[White "Dolmatov, Sergey"]
[Black "Poluljahov, Aleksandr"]
[Result "1-0"]
[WhiteElo "2575"]
[BlackElo "2530"]

1.e4 c5 2.Nf3 d6 3.d4 cxd4 4.Nxd4 Nf6 5.Nc3 Nc6 6.Bg5 e6 7.Qd2 a6 8.O-O-O Nxd4
9.Qxd4 Be7 10.f4 b5 11.Bxf6 gxf6 12.f5 Qc7 13.Be2 h5 14.fxe6 fxe6 15.Bf3 Bb7
16.Kb1 Qc5 17.Qd3 O-O-O 18.Ne2 Qe5 19.Nd4 Kd7 20.Rhe1 Rc8 21.g3 Rc4 22.Bg2 Kc7
23.Bh3 Bc8 24.Nf3 Qc5 25.c3 h4 26.gxh4 Qh5 27.Nd4 Qf7 28.Qe3 Rxh4 29.Bf1 Rc5
30.Nb3 Re5 31.Qa7+ Kd8 32.Rd2 Ke8 33.Rc2 Bd7 34.Rd1 Bd8 35.Rxd6 Rh7 36.Nc5 Rxc5
37.Qxc5 Qg6 38.Qd4 e5 39.Qd3 Qg4 40.Rxa6  1-0

[Event "RUS-ch51"]
[Site "St Petersburg"]
[Date "1998.08.02"]
[Round "6"]
[White "Dolmatov, Sergey"]
[Black "Iskusnyh, Sergei"]
[Result "1-0"]
[WhiteElo "2575"]
[BlackElo "2455"]

1.e4 c5 2.Nf3 Nc6 3.d4 cxd4 4.Nxd4 Nf6 5.Nc3 d6 6.Bg5 e6 7.Qd2 Be7 8.O-O-O Nxd4
9.Qxd4 a6 10.f4 b5 11.Bxf6 gxf6 12.f5 Qc7 13.Be2 Qc5 14.fxe6 fxe6 15.Qxc5 dxc5
16.Bh5+ Kf8 17.e5 f5 18.g4 Ra7 19.gxf5 exf5 20.Nd5 Kg7 21.Nxe7 Rxe7 22.Rd6 Rf8
23.Rg1+ Kh8 24.Rf6 Rd8 25.Rd1 Rg8 26.Bf7 Rf8 27.Bh5 Rg8 28.Bf7 Rf8 29.Be6 Rxf6
30.Rd8+  1-0

[Event "RUS-ch51"]
[Site "St Petersburg"]
[Date "1998.08.06"]
[Round "10"]
[White "Yemelin, Vasily"]
[Black "Sherbakov, Ruslan"]
[Result "1/2-1/2"]
[WhiteElo "2510"]
[BlackElo "2555"]

1.e4 c5 2.Nf3 Nc6 3.d4 cxd4 4.Nxd4 Nf6 5.Nc3 d6 6.Bg5 e6 7.Qd2 Be7 8.O-O-O O-O
9.Nb3 Qb6 10.f3 Rd8 11.Nb5 Rd7 12.Qe1 a6 13.Be3 Qd8 14.N5d4 Bf8 15.g4 e5
16.Nf5 d5 17.g5 dxe4 18.Rxd7 Bxd7 19.Nxg7 Bxg7 20.gxf6 Qxf6 21.fxe4 Nd4 22.Bc4 Rc8
23.Rf1 Qc6 24.Bxf7+ Kh8 25.c4 Qxe4 26.Nxd4 exd4 27.Bf4 Qf5 28.Bd2 Qd3 29.b3 b5
30.Kb2 bxc4 31.Bxc4 Rxc4 32.bxc4 Qxc4 33.Rg1 Be6 34.Qg3 Qxa2+ 35.Kc1 Qa1+
36.Kc2 Qa4+ 37.Kb2 Qb5+ 38.Ka1 Qd7 39.Qb8+ Bg8 40.Kb2 Qf7 41.Rxg7 Qa2+ 42.Kc1 Qa3+
43.Kb1 Qa2+ 44.Kc1 Qc4+ 45.Kb2 Kxg7 46.Qe5+ Kg6 47.Qg3+ Kf5 48.Qf4+ Ke6 49.Qg4+ Ke7
50.Qe4+ Kd7 51.Qb7+ Ke6 52.Qe4+ Kd6 53.Bf4+ Kd7 54.Qb7+ Ke8 55.Qb8+ Kf7 56.Qd6 h5
57.Bd2 Qb5+ 58.Bb4 Qe2+ 59.Ka3 Qc4 60.Qe7+ Kg6 61.Qe4+ Kf6 62.Qh4+ Ke6 63.Qh3+ Kf6
64.Qh4+ Kg6 65.Qe4+ Kg7 66.Qe5+ Kg6 67.Qe4+  1/2-1/2

[Event "Lost Boys op"]
[Site "Antwerp"]
[Date "1998.08.08"]
[Round "8"]
[White "Stefansson, Hannes"]
[Black "Piket, Jeroen"]
[Result "1-0"]
[WhiteElo "2535"]
[BlackElo "2605"]

1.e4 c5 2.Nf3 Nc6 3.d4 cxd4 4.Nxd4 Nf6 5.Nc3 d6 6.Bg5 e6 7.Qd2 a6 8.O-O-O h6
9.Be3 Be7 10.f3 Nxd4 11.Bxd4 b5 12.Kb1 Qa5 13.a3 Rb8 14.f4 b4 15.Bxf6 Bxf6
16.Qxd6 Rb6 17.axb4 Qxb4 18.Bb5+  1-0

[Event "MK Cafe Cup-A"]
[Site "Koszalin"]
[Date "1998.08.08"]
[Round "6"]
[White "Hansen, Sune Berg"]
[Black "Blehm, Pawel"]
[Result "1/2-1/2"]
[WhiteElo "2520"]
[BlackElo "2420"]

1.e4 c5 2.Nf3 Nc6 3.d4 cxd4 4.Nxd4 Nf6 5.Nc3 d6 6.Bg5 e6 7.Qd2 a6 8.O-O-O Be7
9.f4 Nxd4 10.Qxd4 b5 11.Bxf6 gxf6 12.Be2 Bb7 13.f5 Rc8 14.fxe6 fxe6 15.Bg4 Kf7
16.Bh5+ Kf8 17.Bg4 Kf7 18.Bh5+ Kf8 19.Bg4  1/2-1/2

[Event "Wch (Men) U26"]
[Site "Rotterdam"]
[Date "1998.08.11"]
[Round "1"]
[White "Bucher, Denis"]
[Black "Cherevatenko, Roman"]
[Result "1/2-1/2"]
[WhiteElo "2180"]
[BlackElo "2410"]

1.e4 c5 2.Nf3 Nc6 3.d4 cxd4 4.Nxd4 Nf6 5.Nc3 d6 6.Bg5 Bd7 7.Qd2 Rc8 8.f4 Qb6
9.Nf3 Nb4 10.Bxf6 gxf6 11.a3 Nc6 12.O-O-O Na5 13.Kb1 e6 14.f5 Be7 15.fxe6 fxe6
16.Ka2 Rc7 17.Qh6 Kd8 18.Nd4 Rxc3 19.bxc3 e5 20.Nb3 Be6 21.Rb1 Qf2 22.Rb2 a6
23.Qg7 Rg8 24.Qh6 Kd7 25.Qc1 Rc8 26.Kb1 Nc4 27.Bxc4 Bxc4 28.Na5 b5 29.Qg1 Qxg1+
30.Rxg1 Be6 31.c4 Bxc4 32.Nxc4 Rxc4 33.Rb4 Rc3 34.Rb3 Rc4 35.Re1 Ke6 36.Rh3 d5
37.exd5+ Kxd5 38.Kb2 Rc7 39.Kb3 a5 40.Rd1+ Ke6  1/2-1/2

[Event "Wch (Women) U26"]
[Site "Rotterdam"]
[Date "1998.08.12"]
[Round "2"]
[White "Grabics, Monika"]
[Black "Kovalevskaya, Ekaterina"]
[Result "1/2-1/2"]
[WhiteElo "2355"]
[BlackElo "2480"]

1.e4 c5 2.Nf3 d6 3.d4 cxd4 4.Nxd4 Nf6 5.Nc3 Nc6 6.Bg5 a6 7.Qd3 Nxd4 8.Qxd4 Qa5
9.f4 e5 10.Qd2 Be7 11.f5 b5 12.Bxf6 Bxf6 13.Qxd6 Bb7 14.O-O-O Rd8 15.Qc5 Rc8
16.Qa7 Qc7 17.Qf2 O-O 18.Nd5 Bg5+ 19.Kb1 Rfd8 20.Bd3 Bxd5 21.exd5 Rxd5 22.f6 e4
23.Bxe4 Rxd1+ 24.Rxd1 Bxf6 25.Qf5 Kf8 26.c3 Rd8 27.Rxd8+  1/2-1/2

[Event "Nagler mem"]
[Site "Zuerich"]
[Date "1998.08.12"]
[Round "6"]
[White "Unzicker, Wolfgang"]
[Black "Pelletier, Yannick"]
[Result "1/2-1/2"]
[WhiteElo "2435"]
[BlackElo "2525"]

1.e4 c5 2.Nf3 Nc6 3.d4 cxd4 4.Nxd4 Nf6 5.Nc3 d6 6.Bg5 e6 7.Qd2 Be7 8.O-O-O Nxd4
9.Qxd4 a6 10.f4 b5 11.Bxf6 gxf6 12.e5 d5 13.Kb1 Rg8 14.f5 fxe5 15.Qxe5 Qd6
16.Qe3 Bd7 17.f6 Qc5 18.Qf3 Bd6 19.Nxd5 Bc6 20.b4 Qa7 21.c4 exd5 22.Re1+ Kd8
23.c5 Bf8 24.Re5 Qd7 25.Be2 Kc7 26.Qf4 Kb7 27.Bf3 Re8 28.Rxd5 Qc7 29.Qf5 Bxd5
30.Qxd5+ Ka7 31.Rd1 Bh6 32.Qd7 Bf4 33.Qxc7+ Bxc7 34.Rd7 Kb8 35.Rxf7 Rgf8
36.Rxh7 Rxf6 37.h4 Ref8 38.h5 Rf4 39.a3 Kc8 40.Re7 Kd8 41.Rg7 R4f7 42.Rg6 Rf6
43.Rg7 R8f7 44.Rg8+ Rf8 45.Rg7 Be5 46.Ra7 R8f7 47.Ra8+ Kc7 48.h6 Rf8 49.Ra7+ Kb8
50.Ra8+ Kc7 51.Ra7+ Kc8 52.Re7 Bd4 53.Ra7 Be5 54.Re7 Bd4 55.Ra7 Kd8 56.Ra8+ Kc7
57.Ra7+ Kd8 58.Ra8+ Ke7 59.Ra7+ Ke6 60.Rxa6+ Ke5 61.Ra5 Rxh6 62.Rxb5 Rxf3
63.c6+ Kd6  1/2-1/2

[Event "ESP-ch"]
[Site "Linares"]
[Date "1998.08.13"]
[Round "2"]
[White "Magem Badals, Jorge"]
[Black "Villavicencio, Adalberto"]
[Result "1-0"]
[WhiteElo "2540"]
[BlackElo "2320"]

1.e4 c5 2.Nf3 Nc6 3.d4 cxd4 4.Nxd4 Nf6 5.Nc3 d6 6.Bg5 e6 7.Qd2 a6 8.O-O-O h6
9.Bf4 d5 10.exd5 exd5 11.f3 Be7 12.g4 Nxd4 13.Qxd4 Be6 14.h4 Qa5 15.Be2 Rc8
16.Be5 O-O 17.g5 Bc5 18.Qd2 Nh5 19.gxh6 g6 20.Bd4 Bd6 21.Kb1 Bf4 22.Qe1 Rfe8
23.Bd3 Bxh6 24.a3 Qc7 25.Ne2 Bd7 26.Qf2 Bb5 27.Nc3 Bc6 28.Rhg1 Kh7 29.Rg4 Re6
30.Ne2 Rce8 31.Ng3 Nxg3 32.Rxg3 Bb5 33.Bxb5 axb5 34.Bc3 Re2 35.Qd4 f5 36.h5 R8e6
37.hxg6+ Rxg6 38.Rxg6 Kxg6 39.Rg1+ Kf7 40.Qxd5+  1-0

[Event "Wch (Women) U26"]
[Site "Rotterdam"]
[Date "1998.08.13"]
[Round "3"]
[White "Bednarska, Malgorzata"]
[Black "Grabics, Monika"]
[Result "1/2-1/2"]
[WhiteElo "2175"]
[BlackElo "2355"]

1.e4 c5 2.Nf3 Nc6 3.d4 cxd4 4.Nxd4 Nf6 5.Nc3 d6 6.Bg5 e6 7.Qd2 a6 8.O-O-O h6
9.Bf4 Bd7 10.Nxc6 Bxc6 11.f3 d5 12.Qe1 Bb4 13.a3 Ba5 14.Bd2 Qe7 15.e5 Nd7
16.Kb1 Bb6 17.f4 h5 18.Be3 Bc5 19.Bxc5 Nxc5 20.Bd3 b5 21.Ne2 Qb7 22.Nd4 g6
23.Qc3 Nxd3 24.Rxd3 Bd7 25.Qd2 a5 26.b3 b4 27.a4 Rc8 28.Qf2 Rc3 29.Qe3 Rxd3
30.Qxd3 Qb6 31.Rd1 Qc5 32.Qg3 h4 33.Qe1 Rh5 34.Nf3 h3 35.g3 Ke7 36.Rd3 Rh8
37.Qe3 Qc7 38.g4 Rc8 39.Nd4 Rh8 40.Nf3 Bc8 41.Ng5 Ba6 42.Rd2 Rh4 43.Qg3 Rh8
44.f5 Qc3 45.f6+ Ke8 46.Qxc3 bxc3 47.Rd4 Rf8 48.b4 axb4 49.Rxb4 Kd7 50.Nf3 Be2
51.Nd4 Ba6 52.Rb6 Ra8 53.Nb5 Bxb5 54.axb5 Ra5 55.Rb7+ Kc8 56.Rxf7 Rxb5+ 57.Kc1 Ra5
58.Kb1 Kd8 59.Rh7 Ke8 60.Rxh3 d4 61.Rh8+ Kf7 62.Rh7+ Kg8 63.Rd7 Rb5+ 64.Kc1 Rxe5
65.Rxd4 Kf7 66.Kd1 Kxf6 67.Rd3 Rc5 68.Ke2 Rc4 69.Kf3 Kg5 70.h3 Kh4  1/2-1/2

[Event "Energy Cup"]
[Site "Olomouc"]
[Date "1998.08.14"]
[Round "7"]
[White "Medunova, Vera"]
[Black "Navara, David"]
[Result "0-1"]
[WhiteElo "2175"]
[BlackElo "2275"]

1.e4 c5 2.Nf3 d6 3.d4 cxd4 4.Nxd4 Nf6 5.Nc3 Nc6 6.Bg5 e6 7.Qd2 a6 8.Be2 Be7
9.O-O-O Bd7 10.f4 Nxd4 11.Qxd4 Qa5 12.e5 dxe5 13.fxe5 Bc6 14.Qf4 Nd7 15.Bxe7 Kxe7
16.Rxd7+ Bxd7 17.Rf1 Be8 18.Ne4 Qxa2 19.Nd6 Qa1+ 20.Kd2 Qa5+ 21.Kc1 Kd7 22.Nxb7 Qa1+
23.Kd2 Qxb2 24.Nd6 Rf8 25.Qe4 Rb8 26.Bxa6 Ke7 27.Bd3 Qb4+ 28.Qxb4 Rxb4 29.Ra1 Bd7
30.Ne4 Bc6 31.Ra7+ Rb7 32.Rxb7+ Bxb7 33.g3 Bxe4 34.Bxe4 f6 35.exf6+ Kxf6
36.Bxh7 Rh8 37.Be4 Rxh2+ 38.Ke3 Ke5 39.Bd3 Rh3 40.Kf3 Kd4 41.Kg4 Rh2 42.Kf4 e5+
43.Kf3 Rh6 44.Ke2 e4 45.c3+ Ke5 46.Bb5 Rh2+  0-1

[Event "ESP-ch"]
[Site "Linares"]
[Date "1998.08.16"]
[Round "5"]
[White "De la Riva Aguado, Oscar"]
[Black "Garcia Ilundain, David"]
[Result "1/2-1/2"]
[WhiteElo "2510"]
[BlackElo "2485"]

1.e4 c5 2.Nf3 d6 3.d4 cxd4 4.Nxd4 Nf6 5.Nc3 Nc6 6.Bg5 e6 7.Qd2 a6 8.O-O-O Nxd4
9.Qxd4 Be7 10.f4 b5 11.Bxf6 gxf6 12.e5 d5 13.Kb1 Rg8 14.f5 fxe5 15.Qxe5 Bf6
16.Qe1 Qe7 17.fxe6  1/2-1/2

[Event "Wch (Women) U26"]
[Site "Rotterdam"]
[Date "1998.08.17"]
[Round "6"]
[White "Grabics, Monika"]
[Black "Segal, Anna"]
[Result "1/2-1/2"]
[WhiteElo "2355"]
[BlackElo "2245"]

1.e4 c5 2.Nf3 d6 3.d4 cxd4 4.Nxd4 Nf6 5.Nc3 Nc6 6.Bg5 e6 7.Qd3 a6 8.Be2 Bd7
9.O-O-O Qa5 10.Bxf6 gxf6 11.Kb1 O-O-O 12.f4 Nxd4 13.Qxd4 Be7 14.Rhf1 Kb8
15.f5 Rc8 16.Bh5 Rhf8 17.Bg4 Rc7 18.Rd3 Rfc8 19.Rh3 d5 20.fxe6 fxe6 21.Rxh7 Rxc3
22.Rxe7 Rxc2 23.Bxe6 Rd2 24.Qxf6 Qc7 25.Qc3 Qxc3 26.bxc3 Bxe6 27.Rxe6 dxe4
28.g4 Rxh2 29.Rxe4  1/2-1/2

[Event "Wch (Women) U26"]
[Site "Rotterdam"]
[Date "1998.08.18"]
[Round "7"]
[White "Wang Pin"]
[Black "Grabics, Monika"]
[Result "1/2-1/2"]
[WhiteElo "2450"]
[BlackElo "2355"]

1.e4 c5 2.Nf3 Nc6 3.d4 cxd4 4.Nxd4 Nf6 5.Nc3 d6 6.Bg5 e6 7.Qd2 a6 8.O-O-O h6
9.Be3 Bd7 10.f4 Be7 11.Kb1 b5 12.Bd3 Qc7 13.h3 Na5 14.Qf2 b4 15.Nce2 Nc4
16.Bc1 Rb8 17.g4 d5 18.e5 Ne4  1/2-1/2

[Event "Hampstead GM3"]
[Site "Hampstead"]
[Date "1998.08.20"]
[Round "10"]
[White "Kreiman, Boris"]
[Black "Burnett, Ronald"]
[Result "1-0"]
[WhiteElo "2455"]
[BlackElo "2395"]

1.e4 c5 2.Nf3 Nc6 3.d4 cxd4 4.Nxd4 Nf6 5.Nc3 d6 6.Bg5 e6 7.Qd2 a6 8.O-O-O h6
9.Be3 Be7 10.f3 Qa5 11.Kb1 Nxd4 12.Qxd4 Bd7 13.g4 Rc8 14.h4 e5 15.Qd3 Be6
16.Nd5 Bxd5 17.exd5 e4 18.fxe4 Nxg4 19.Bd4 Bf6 20.Bh3 h5 21.Bxf6 gxf6 22.Qf3 Rg8
23.Bxg4 Rxg4 24.Qxf6 Qc5 25.c3 Rg2 26.Rhf1 Rc7 27.Qh8+ Ke7 28.Ka1 Qb6 29.Rb1 Rd7
30.Qf6+ Kf8 31.e5 Qd8 32.Qh8+ Rg8 33.Qh6+  1-0

[Event "POL-chTJ"]
[Site "Rowy"]
[Date "1998.08.21"]
[Round "2"]
[White "Lercel, Michal"]
[Black "Kempinski, Tomasz"]
[Result "1-0"]
[WhiteElo "2085"]
[BlackElo "2170"]

1.e4 c5 2.Nf3 Nc6 3.d4 cxd4 4.Nxd4 Nf6 5.Nc3 d6 6.Bg5 Bd7 7.Qd2 h6 8.Bh4 g5
9.Bg3 Nh5 10.Bc4 Bg7 11.Nf5 Bxf5 12.exf5 Nxg3 13.hxg3 Qa5 14.Nd5 Qxd2+ 15.Kxd2 O-O-O
16.Rhe1 Rhe8 17.f6 exf6 18.f4 Kb8 19.Re3 Na5 20.Bd3 Re6 21.Rae1 Rde8 22.Nb4 h5
23.Bb5 gxf4 24.gxf4 Rg8 25.Rxe6 fxe6 26.Rxe6 a6 27.Bf1 f5 28.c3 Kc7 29.Nd5+ Kd7
30.Re7+ Kc6 31.Nb4+ Kb6 32.Nd5+ Kc6 33.Nb4+ Kb6 34.Nd5+ Kc6 35.c4 Kc5 36.b4+ Kd4
37.bxa5 Bh6 38.Rxb7 Rg3 39.Rb3 Rg4 40.Rb6 Bxf4+ 41.Nxf4 Rxf4 42.Rxd6+  1-0

[Event "Hampstead GM3"]
[Site "Hampstead"]
[Date "1998.08.22"]
[Round "12"]
[White "Aagaard, Jacob"]
[Black "Burnett, Ronald"]
[Result "1/2-1/2"]
[WhiteElo "2420"]
[BlackElo "2395"]

1.e4 c5 2.Nf3 d6 3.d4 cxd4 4.Nxd4 Nf6 5.Nc3 Nc6 6.Bg5 e6 7.Qd2 a6 8.O-O-O h6
9.Be3 Bd7 10.f3 b5 11.g4 Qa5 12.Kb1 Nxd4 13.Qxd4 b4 14.Ne2 e5 15.Qd3 Be6
16.c4 Nd7 17.Ng3 Nc5 18.Qd2 Rb8 19.Rc1 Qc7 20.Be2 a5 21.h4 Qc6 22.g5 h5 23.Rhd1 g6
24.Bf2 Be7 25.Nf1 a4 26.Bxc5 Qxc5  1/2-1/2

[Event "Wiesbaden op"]
[Site "Wiesbaden"]
[Date "1998.08.25"]
[Round "5"]
[White "Gelfenboim, Jaroslav"]
[Black "Jugow, Alexander"]
[Result "0-1"]
[WhiteElo "2115"]
[BlackElo "2265"]

1.e4 c5 2.Nf3 Nc6 3.d4 cxd4 4.Nxd4 Nf6 5.Nc3 d6 6.Bg5 a6 7.Qd2 Qb6 8.O-O-O e6
9.Nb3 Be7 10.f4 O-O 11.Be2 Rd8 12.Bf3 Qc7 13.g4 Rb8 14.Bxf6 Bxf6 15.g5 Be7
16.h4 b5 17.h5 b4 18.Ne2 a5 19.g6 a4 20.gxh7+ Kxh7 21.Nbd4 b3 22.a3 Na5 23.Qd3 e5
24.Nf5 Bf6 25.c3 Nc4 26.Rdg1 Qc5 27.Rg2 Nxa3 28.Rhg1 Nc4 29.fxe5 a3 30.exf6 a2
31.Rxg7+ Kh8 32.Nh6 Qe3+ 33.Kd1 a1=Q+  0-1

[Event "Wiesbaden op"]
[Site "Wiesbaden"]
[Date "1998.08.29"]
[Round "9"]
[White "Lobzhanidze, Davit"]
[Black "Ragozin, Evgeni"]
[Result "1/2-1/2"]
[WhiteElo "2455"]
[BlackElo "2480"]

1.e4 c5 2.Nf3 Nc6 3.d4 cxd4 4.Nxd4 Nf6 5.Nc3 d6 6.Bg5 e6 7.Qd2 a6 8.O-O-O h6
9.Be3 Bd7 10.f3 Qc7 11.g4 Ne5 12.h4 b5 13.Rg1  1/2-1/2